Ο Χριστός είναι η αλήθεια : ορθόδοξη χριστιανική αγωγή : θρησκευτικά : ΣΤ' δημοτικού

Αποθηκεύτηκε σε:
Λεπτομέρειες βιβλιογραφικής εγγραφής
Άλλοι συγγραφείς: Βαλλιανάτος, Άγγελος Ν.
Μορφή: Βιβλίο
Γλώσσα:Greek
Δημοσίευση: Αθήνα : Ο.Ε.Δ.Β., 1999
Θέματα:
Ετικέτες: Προσθήκη ετικέτας
Δεν υπάρχουν, Καταχωρήστε ετικέτα πρώτοι!

MARC

LEADER 00000cam a2200000 i 4500
001 1/92133
008 991110s1999 gr | ||| |||| ||gre||
035 |l 10053916 
040 |a GR-MY-UA  |b gre  |e aacr 
041 0 |a gre 
082 0 |a 372.84 
245 0 2 |a Ο Χριστός είναι η αλήθεια :  |b ορθόδοξη χριστιανική αγωγή : θρησκευτικά : ΣΤ' δημοτικού /  |c Αγγελος Ν. Βαλλιανάτος ... [κ.'α.] 
260 |a Αθήνα :   |b Ο.Ε.Δ.Β.,   |c 1999 
300 |a 252 σ. 
500 |a Ανω του τίτλου: Υπουργείο Εθνικής Παιδείας και Θρησκευμάτων. Παιδαγωγικό Ινστιτούτο 
650 0 0 |a Religion  |x Study and teaching (Elementary)  |z Greece. 
700 1 |a Βαλλιανάτος, Άγγελος Ν. 
852 |a INST  |b RHODES  |e 19991110  |h 372.84 ΧΡΙ  |p 005400014311  |q 005400014311  |t BK  |y 0 
901 |a BIBL4-1999-3 
922 |a 4ΔΩΡ  |b 199911 
970 |z 2000/06/ΟΙΚΟΝΟΜΟΠΟΥΛΟΥ (SUBJECT) 
970 |a ΚΟΥΛΑΚΙΟΤΗ  |b ΛΙΤΣΑ  |z 1999/11/10